[Event "It (open) \"]
[Site "masterchessopen.com Aggtelek (Hungary)"]
[Round "0"]
[White "Szobi Geza Jr (HUN)"]
[Black "Herman Tamas (HUN)"]
[Result "1-0"]
[WhiteElo "2205"]
[BlackElo "2312"]

1.d4 Nf6 2.c4 g6 3.Nc3 d5 4.Bf4 Bg7 5.e3 Bf5 6.Qb3 c6 7.Qxb7 Nbd7 8.Qxc6 Rc8
9.Qa6 Nb6 10.c5 Nbd7 11.c6 Nb8 12.c7 Qxc7 13.Qb5+ Qd7 14.Bxb8 O-O 15.Qxd7 Bxd7
16.Bxa7 Rc7 17.Bc5 Rb8 18.b4 Bf5 19.Nf3 Nd7 20.Nxd5 Rcb7 21.Nxe7+ Kh8 22.Nxf5
gxf5 23.Bd3 Nxc5 24.bxc5 {#r} 1-0

[Event "Ch Brazil"]
[Site "masterchessopen.com Americana (Brazil)"]
[Round "1"]
[White "Leitao Rafael (BRA)"]
[Black "Tsuboi Edson Kenji (BRA)"]
[Result "1-0"]
[WhiteElo "2360"]
[BlackElo "2335"]

1.d4 Nf6 2.c4 g6 3.Nc3 d5 4.Bf4 Bg7 5.e3 c5 6.dxc5 Qa5 7.Rc1 dxc4 8.Bxc4 Qxc5
9.Nb5 Qb4+ 10.Kf1 O-O 11.a3 Qa5 12.b4 Qb6 13.Nc7 Ne4 14.Nxa8 Qf6 15.Nc7 Qb2
16.Rc2 Qxa3 17.Nd5 Qa4 18.Bxb8 Be6 19.Ne2 Rxb8 20.Nxe7+ {#r} 1-0

[Event "It"]
[Site "masterchessopen.com Bekescsaba (Hungary)"]
[Round "6"]
[White "Hoang Thanh Trang (HUN)"]
[Black "Berebora Ferenc (HUN)"]
[Result "1-0"]
[WhiteElo "2405"]
[BlackElo "2400"]

1.d4 Nf6 2.c4 g6 3.Nc3 d5 4.Bf4 Bg7 5.e3 c5 6.dxc5 Qa5 7.Rc1 Ne4 8.Ne2 e5
9.Bxe5 Bxe5 10.Qxd5 Nc6 11.Qxe4 Bf5 12.Qh4 Qb4 13.e4 Qxb2 14.Nd5 O-O 15.exf5
Rfe8 16.Qh6 Rad8 17.Qd2 Qa3 18.h4 Qxc5 19.f6 Rd6 20.h5 Bxf6 21.hxg6 hxg6
22.Rh3 Bd4 23.Rf3 Kg7 24.Kd1 Bxf2 25.Qf4 Ne5 26.Rxf2 {#r} 1-0

[Event "It (open) \"]
[Site "masterchessopen.com Budapest (Hungary)"]
[Round "0"]
[White "Balogh Bela (HUN)"]
[Black "Dekic Josip (SRB)"]
[Result "0-1"]
[WhiteElo "2220"]
[BlackElo "2355"]

1.d4 Nf6 2.c4 g6 3.Nc3 d5 4.Bf4 Bg7 5.e3 c5 6.dxc5 Qa5 7.Qa4+ Qxa4 8.Nxa4 Na6
9.Rc1 Bd7 10.Nc3 dxc4 11.Bxc4 Nxc5 12.Nf3 O-O 13.O-O Rac8 14.Ne5 Be6 15.Be2
Nce4 16.Bf3 Nxc3 17.bxc3 Nd5 18.c4 Nxf4 19.exf4 Bxe5 20.fxe5 b6 21.Bd5 Rc5
22.Rfd1 Bc8 23.f4 Ba6 24.e6 f5 25.Rd3 Ra5 26.Rc2 Rc8 27.Rdc3 Kg7 28.Kf2 Kf6
29.Ke3 Rd8 30.Kf2 Bc8 31.Re3 Rd6 32.Rce2 Rc5 33.h3 b5 34.g4 h6 35.g5+ hxg5
36.fxg5+ Kxg5 37.Ra3 bxc4 38.Bf3 a5 39.Rc3 Bxe6 40.Ke3 Re5+ 41.Kf2 Rxe2+
42.Bxe2 Rd4 43.Ra3 Rd2 44.Rxa5 c3 45.Rc5 Bxa2 46.Rxc3 Rb2 47.Ke3 Rb3 48.Rxb3
Bxb3 {#R} 0-1

[Event "Cup Mitropa"]
[Site "masterchessopen.com Europe"]
[Round "0"]
[White "Kachiani-G Ketino (GER)"]
[Black "Fogarasi Tibor (HUN)"]
[Result "1-0"]
[WhiteElo "2360"]
[BlackElo "2515"]

1.d4 Nf6 2.c4 g6 3.Nc3 d5 4.Bf4 Bg7 5.e3 c5 6.dxc5 Qa5 7.Qa4+ Qxa4 8.Nxa4 Be6
9.Bxb8 Rxb8 10.cxd5 Bxd5 11.Bb5+ Bc6 12.Bxc6+ bxc6 13.Rd1 Nd5 14.Nf3 O-O
15.Nd4 Nb4 16.Ke2 e5 17.Nb3 Nxa2 18.Na5 Rb4 19.b3 e4 20.Rd7 Rb5 21.Rxa7 Rc8
22.Rb1 f5 23.Rd1 Nc3+ 24.Nxc3 Bxc3 25.Nxc6 Bf6 26.Rd6 Rxc5 27.Rxf6 R5xc6
28.Rxc6 Rxc6 29.Kd2 Rd6+ 30.Kc2 Rc6+ 31.Kb2 Rd6 32.b4 Rd2+ 33.Kc3 Rxf2 34.b5
Re2 35.b6 Rxe3+ 36.Kc4 {#r} 1-0

[Event "Oberliga NRW 1994/95"]
[Site "masterchessopen.com Germany"]
[Round "0"]
[White "Roeder Mathias (GER)"]
[Black "Van Mil Johannes A J (NED)"]
[Result "1-0"]
[WhiteElo "2460"]
[BlackElo "2435"]

1.d4 Nf6 2.c4 g6 3.Nc3 d5 4.Bf4 Bg7 5.e3 c5 6.dxc5 Qa5 7.Rc1 Ne4 8.Ne2 e5
9.Bg3 Nxg3 10.hxg3 dxc4 11.Qa4+ Nc6 12.Qxc4 a6 13.Qa4 Qxc5 14.Ne4 Qb4+ 15.N2c3
O-O 16.Qxb4 Nxb4 17.a3 Nc6 18.Bc4 Ne7 19.Nd6 Nf5 20.Nxf7 Rxf7 21.Ne4 Bd7
22.Bxf7+ Kxf7 23.Rc7 Rd8 24.Nc5 Ke7 25.Nxd7 Rxd7 26.Rxd7+ Kxd7 27.Rxh7 {#r}
1-0

[Event "It (open)"]
[Site "masterchessopen.com Groningen (Netherlands)"]
[Round "1"]
[White "Gyimesi Zoltan (HUN)"]
[Black "Veroci Zsuzsa (HUN)"]
[Result "1-0"]
[WhiteElo "2525"]
[BlackElo "2315"]

1.d4 Nf6 2.c4 g6 3.Nc3 d5 4.Bf4 Bg7 5.e3 c5 6.dxc5 Qa5 7.Qa4+ Qxa4 8.Nxa4 O-O
9.Nf3 Nc6 10.Rd1 dxc4 11.Bxc4 Bf5 12.Bb5 Bc2 13.Rd2 Bxa4 14.Bxa4 Ne4 15.Bxc6
bxc6 16.Rc2 Rfd8 17.Ke2 Rd5 18.Rhc1 e5 19.Bg3 Rb8 20.Ne1 Nxg3+ 21.hxg3 e4
22.b3 Rb5 23.Rc4 f5 24.f3 Bf8 25.b4 a5 26.a3 axb4 27.axb4 exf3+ 28.gxf3 Bg7
29.Rd1 Rxd1 30.Kxd1 Kf7 31.Nc2 Rb8 32.Nd4 Rc8 33.Kc2 Be5 34.f4 Bf6 35.Kd3 Ke7
36.Rc3 Kd7 37.Ra3 Rc7 38.Kc4 Be7 39.Ra8 Bf6 40.Rf8 Ke7 41.Rb8 Kd7 42.b5 {#r}
1-0

[Event "Ch Hungary"]
[Site "masterchessopen.com Hungary"]
[Round "4"]
[White "Gyimesi Zoltan (HUN)"]
[Black "Fogarasi Tibor (HUN)"]
[Result "1-0"]
[WhiteElo "2525"]
[BlackElo "2515"]

1.d4 Nf6 2.c4 g6 3.Nc3 d5 4.Bf4 Bg7 5.e3 c5 6.dxc5 Qa5 7.Qa4+ Qxa4 8.Nxa4 O-O
9.Nf3 Ne4 10.cxd5 Bd7 11.c6 bxc6 12.Bc4 c5 13.Bd3 Bxa4 14.Bxe4 Bxb2 15.Rb1
Bc3+ 16.Ke2 Nd7 17.d6 Rae8 18.Rhc1 Bf6 19.Rc4 Nb6 20.Rxb6 axb6 21.Rxa4 exd6
22.Bxd6 Be7 23.Bxe7 Rxe7 24.Bd3 Rd8 25.Bb5 Kg7 26.h4 f5 27.g4 fxg4 28.Rxg4 Re6
29.a4 Red6 30.Rf4 h6 31.Ne5 Rf8 32.Rxf8 Kxf8 33.f4 Kg7 34.Bd3 Kf6 35.Bxg6 Rd8
36.Bd3 Rg8 37.Nd7+ {#r} 1-0

[Event "Ch Hungary (team)"]
[Site "masterchessopen.com Hungary"]
[Round "7"]
[White "Hoang Thanh Trang (HUN)"]
[Black "Gara Anita (HUN)"]
[Result "1-0"]
[WhiteElo "2405"]
[BlackElo "2050"]

1.d4 Nf6 2.c4 g6 3.Nc3 d5 4.Bf4 Bg7 5.e3 c5 6.dxc5 Qa5 7.Rc1 dxc4 8.Bxc4 O-O
9.Ne2 Qxc5 10.Qb3 Qa5 11.O-O Nc6 12.Rfd1 e6 13.Nb5 e5 14.Bg3 Ne4 15.Bd5 Nd2
16.Qd3 Nb4 17.Qxd2 Qxb5 18.Bc4 Qb6 19.a3 Nc6 20.Nc3 Rd8 21.Nd5 Qc5 22.Bh4 Rd7
23.Qe2 Qf8 24.Nf6+ Bxf6 25.Bxf6 Rd6 26.Bh4 Be6 27.Bxe6 Rxe6 28.Rd7 Rc8 29.Rcd1
b6 30.h3 e4 31.Qb5 Kg7 32.Qc4 Qe8 33.Bg3 Rf6 34.Qc3 Na5 35.Qe5 Nc6 36.Qc3 Na5
37.Rc7 Rxc7 38.Bxc7 Nc6 39.Rd6 Ne5 40.Rd8 Qe6 41.Bxe5 {#r} 1-0

[Event "Ch Moscow (open)"]
[Site "masterchessopen.com Moscow (Russia)"]
[Round "4"]
[White "Kushnir Boris (RUS)"]
[Black "Abramov Anatoli P (RUS)"]
[Result "0-1"]
[WhiteElo "2081"]
[BlackElo "2210"]

1.d4 Nf6 2.c4 g6 3.Nc3 d5 4.Bf4 Bg7 5.e3 c5 6.dxc5 Qa5 7.Qa4+ Qxa4 8.Nxa4 Bd7
9.Nc3 dxc4 10.Bxc4 Na6 11.Bxa6 bxa6 12.Be5 O-O 13.Nf3 a5 14.O-O Rfc8 15.Bd4
Ng4 16.h3 e5 17.hxg4 exd4 18.exd4 Bxg4 19.Nh2 Bf5 20.Rad1 Rab8 21.b3 Rd8
22.Nf3 Rb4 23.Ne5 Rbxd4 24.Rxd4 Rxd4 25.Nc6 Rd7 26.Na4 Rc7 27.Nxa5 Bd3 28.Rd1
Bb5 29.Rd8+ Bf8 30.Nc3 Rxc5 31.Nxb5 Rxb5 32.Nc6 Kg7 33.Rd7 Rb6 34.Nd8 Rf6
35.f3 Bc5+ 36.Kf1 Kf8 37.Nb7 Bb4 38.Rd5 Rc6 39.Rb5 Rb6 40.Rxb6 axb6 41.Nd8 Ke8
42.Nc6 Bc3 43.Ke2 Kd7 44.Kd3 Bg7 45.Nb4 Bf8 46.Nd5 Kc6 47.Nf6 h5 {#R} 0-1

[Event "Ch Netherlands (team) 1995/96"]
[Site "masterchessopen.com Netherlands"]
[Round "8"]
[White "Peng Zhaoqin (NED)"]
[Black "Witt Rob (NED)"]
[Result "1-0"]
[WhiteElo "2355"]
[BlackElo "2239"]

1.d4 Nf6 2.c4 g6 3.Nc3 d5 4.Bf4 Bg7 5.e3 c5 6.dxc5 Qa5 7.Rc1 dxc4 8.Bxc4 Qxc5
9.Qb3 O-O 10.Nb5 Kh8 11.Ne2 e5 12.Bg5 a6 13.Bd3 Qb6 14.Bxf6 Bxf6 15.Qa3 Qd8
16.Nc7 Ra7 17.O-O Nc6 18.Nd5 Bg7 19.Qc5 Be6 20.Nec3 Re8 21.Rfd1 Bf8 22.Qb6
Bxd5 23.Nxd5 Qxd5 24.Bxg6 Qxd1+ 25.Rxd1 hxg6 26.h4 Be7 27.Rd7 Kg8 28.Rxb7 Rxb7
29.Qxb7 Nd8 30.Qxa6 Bxh4 31.Qa4 {#r} 1-0

[Event "VL2 1995/96"]
[Site "masterchessopen.com NRW (Germany)"]
[Round "0"]
[White "Boehnke Martin (GER)"]
[Black "Eggenstein Frank (GER)"]
[Result "1-0"]
[WhiteElo "2175"]
[BlackElo "2085"]

1.d4 Nf6 2.c4 g6 3.Nc3 d5 4.Bf4 Bg7 5.e3 c5 6.dxc5 Nh5 7.Bxb8 Rxb8 8.cxd5 O-O
9.Bc4 Qa5 10.Ne2 Qxc5 11.Bb3 Rd8 12.O-O Bg4 13.h3 Bd7 14.Rc1 Qb4 15.Qd2 Rbc8
16.e4 e6 17.Rfd1 exd5 18.Bxd5 Nf6 19.a3 Qe7 20.Qe3 b6 21.f4 Be6 22.Bxe6 Qxe6
23.e5 Ne8 24.Nd4 Qe7 25.Nd5 Qb7 26.Rxc8 Rxc8 27.Qe4 Kh8 28.Nc3 Qe7 29.Ndb5
Qc5+ 30.Kh2 a6 31.Na7 Rb8 32.Rd7 Kg8 33.Nc6 Rc8 34.Ne7+ Kf8 35.Nxc8 Qxc8
36.Qb4+ Kg8 37.Qe7 Kh8 {#r} 1-0

[Event "It (open)"]
[Site "masterchessopen.com Zurich (Switzerland)"]
[Round "2"]
[White "Schaedler Juergen (GER)"]
[Black "Georges Sacha (SUI)"]
[Result "0-1"]
[WhiteElo "2096"]
[BlackElo "2340"]

1.d4 Nf6 2.c4 g6 3.Nc3 d5 4.Bf4 Bg7 5.e3 c5 6.dxc5 Qa5 7.Qb3 Ne4 8.Qb5+ Qxb5
9.Nxb5 Na6 10.cxd5 Bxb2 11.Rb1 Bg7 12.f3 Nexc5 13.e4 O-O 14.Bc4 Bd7 15.Kd2
Rfc8 16.Na3 e6 17.Ne2 exd5 18.Bxd5 Bc6 19.Bxc6 Rxc6 20.Rhd1 Nc7 21.Ke1 N7e6
22.Be3 Ra6 23.Bc1 Re8 24.Kf1 Ra4 25.Rd5 b6 26.Rd1 Rc8 27.Ke1 Be5 28.h3 Rd8
29.Rxd8+ Nxd8 30.Kd1 Nd3 31.Rb3 Nc5 32.Re3 Nde6 33.Kc2 Nd4+ 34.Nxd4 Bxd4
35.Re2 Ne6 36.Kb1 Rb4+ 37.Kc2 Bc5 38.Nb1 Nd4+ {#R} 0-1

[Event "It"]
[Site "masterchessopen.com Beer-Sheva (Israel)"]
[Round "11"]
[White "Mikhalevski Alexander (ISR)"]
[Black "Shmuter Leonid (UKR)"]
[Result "1-0"]
[WhiteElo "2460"]
[BlackElo "2485"]

1.d4 Nf6 2.c4 g6 3.Nc3 d5 4.Bf4 Bg7 5.e3 c5 6.Nf3 cxd4 7.Nxd4 a6 8.Nb3 e6
9.Be2 O-O 10.O-O Nc6 11.Rc1 h6 12.Bg3 a5 13.Bf3 a4 14.Nc5 d4 15.N3xa4 Nh5
16.Bxc6 bxc6 17.e4 d3 18.b3 f5 19.exf5 exf5 20.f4 Nxg3 21.hxg3 Rxa4 22.Nxa4 c5
23.Rf3 Qd4+ 24.Kh2 Rd8 25.Nc3 Ba6 26.Nd5 Rxd5 27.cxd5 Qxd5 28.Rc4 Bxc4 29.bxc4
Qxc4 30.a3 Bd4 31.Rxd3 Kf7 32.Qf3 h5 33.Qb7+ Kg8 34.Qb3 Qf7 35.a4 Kg7 36.Qxf7+
Kxf7 37.a5 Bf2 38.a6 c4 39.Rc3 Ke6 40.Rxc4 {#r} 1-0

[Event "It (open)"]
[Site "masterchessopen.com Bern (Switzerland)"]
[Round "5"]
[White "Ballon Guenther Jan (NED)"]
[Black "Mihalcisin Adrian (SLO)"]
[Result "0-1"]
[WhiteElo "2270"]
[BlackElo "2515"]

1.d4 Nf6 2.c4 g6 3.Nc3 d5 4.Bf4 Bg7 5.e3 c6 6.h3 Qa5 7.Qd2 Be6 8.cxd5 Nxd5
9.Nxd5 Qxd2+ 10.Kxd2 Bxd5 11.Ne2 Nd7 12.Nc3 Nb6 13.Nxd5 Nxd5 14.Bg3 O-O-O
15.Kc2 Rhe8 16.Bc4 e5 17.dxe5 Bxe5 18.Bxe5 Rxe5 19.Rad1 Rf5 20.Rhf1 Rxf2+
21.Rxf2 Nxe3+ 22.Kb3 Rxd1 23.Rxf7 Nxc4 24.Kxc4 Rd7 25.Rf2 Kc7 26.a4 Kb6 27.b4
a5 28.bxa5+ Kxa5 29.Rb2 b6 30.Rf2 c5 31.Rf8 Rd4+ 32.Kc3 Rxa4 33.Rf7 Kb5
34.Rxh7 Ra3+ 35.Kb2 Rg3 {#R} 0-1

[Event "It (cat.7)"]
[Site "masterchessopen.com Gausdal (Norway)"]
[Round "1"]
[White "Ostenstad Berge (NOR)"]
[Black "Elsness Frode (NOR)"]
[Result "1-0"]
[WhiteElo "2465"]
[BlackElo "2350"]

1.d4 Nf6 2.c4 g6 3.Nc3 d5 4.Bf4 Bg7 5.e3 c5 6.dxc5 Qa5 7.Rc1 Ne4 8.cxd5 Nxc3
9.Qd2 Qxa2 10.bxc3 Qxd2+ 11.Kxd2 Nd7 12.Bb5 O-O 13.Bxd7 Bxd7 14.e4 f5 15.e5
Rac8 16.c4 Rxc5 17.Be3 Ra5 18.Nf3 f4 19.Bd4 Rc8 20.Ra1 Ra4 21.Rxa4 Bxa4 22.Rb1
b6 23.Rb4 Be8 24.e6 b5 25.cxb5 Rd8 26.Bxg7 Kxg7 27.Rd4 Bxb5 28.Kc3 Rf8 29.Ne5
Bf1 30.Nc6 Bxg2 31.Nxe7 g5 32.Kc4 Bh3 33.Nc6 a6 34.Kc5 Re8 35.Kd6 Kf6 36.Re4
h5 37.e7 h4 38.Nd4 Kf7 39.Ne6 Bxe6 40.Rxe6 g4 41.Re4 {#r} 1-0

[Event "Bundesliga (2nd) East 1995/96"]
[Site "masterchessopen.com Germany"]
[Round "0"]
[White "Majer Damir (GER)"]
[Black "Konopka Michal (CZE)"]
[Result "0-1"]
[WhiteElo "2285"]
[BlackElo "2405"]

1.d4 Nf6 2.c4 g6 3.Nc3 d5 4.Bf4 Bg7 5.e3 c5 6.dxc5 Qa5 7.Qa4+ Qxa4 8.Nxa4 O-O
9.Rd1 Be6 10.Nf3 dxc4 11.Nd4 Bd7 12.Nc3 Rc8 13.Ndb5 Na6 14.Bxc4 Rxc5 15.Be2
Nb4 16.a3 Na2 17.Rxd7 Nxd7 18.Nxa2 Rc2 19.Nb4 Rxb2 20.Nd5 Rb1+ 21.Bd1 Rxb5
22.Nc7 Bc3+ 23.Ke2 Rb2+ 24.Kd3 Rc8 25.Kxc3 Rxf2 26.Kb4 e5 27.Nd5 Rc1 28.Bh6
Rb2+ {#R} 0-1

[Event "Ch Slovenia (juniors) (under 18)"]
[Site "masterchessopen.com Kranj (Slovenia)"]
[Round "7"]
[White "Pregarac Valter (SLO)"]
[Black "Kosmac Blaz (SLO)"]
[Result "1-0"]
[WhiteElo "2117"]
[BlackElo "2192"]

1.d4 Nf6 2.c4 g6 3.Nc3 d5 4.Bf4 Bg7 5.e3 c5 6.dxc5 Qa5 7.Qa4+ Qxa4 8.Nxa4 O-O
9.Nf3 Ne4 10.cxd5 Bd7 11.Bd3 Bxa4 12.Bxe4 Bxb2 13.Rb1 Bc3+ 14.Ke2 a5 15.Rxb7
Nd7 16.Rc7 f5 17.Bd3 Rab8 18.Rb1 Rxb1 19.Bxb1 Bb4 20.c6 Nf6 21.Bd3 Rd8 22.Bc4
Rxd5 23.Bxd5+ Nxd5 24.Rc8+ Kg7 25.Be5+ Kh6 26.Nd4 Nc3+ 27.Kd3 Nxa2 28.c7 {#r}
1-0

[Event "Cup Russia (open)"]
[Site "masterchessopen.com Moscow (Russia)"]
[Round "6"]
[White "Karasev Vladimir I (RUS)"]
[Black "Yandemirov Valeri (RUS)"]
[Result "0-1"]
[WhiteElo "2350"]
[BlackElo "2465"]

1.d4 Nf6 2.c4 g6 3.Nc3 d5 4.Bf4 Bg7 5.e3 c6 6.cxd5 Nxd5 7.Nxd5 Qxd5 8.Ne2 O-O
9.Nc3 Qa5 10.Bc4 Nd7 11.O-O e5 12.dxe5 Nxe5 13.Bb3 b6 14.Bxe5 Qxe5 15.Qf3 Qf6
16.Qxf6 Bxf6 17.Rfd1 Kg7 18.Rd6 c5 19.Rad1 Bf5 20.h3 Rad8 21.g4 Rxd6 22.Rxd6
Bc8 23.f4 h5 24.gxh5 gxh5 25.Kh2 Re8 26.Rc6 Bxc3 27.bxc3 Bf5 28.Rc7 Rxe3
29.Rxf7+ Kg6 30.Rxa7 Rxh3+ 31.Kg2 Rxc3 32.Ra6 Be4+ 33.Kh2 Kf5 34.Rxb6 Kxf4
35.Rf6+ Kg5 36.Re6 Bf5 37.Re1 c4 38.Rg1+ Bg4 39.Bd1 Rc1 40.Ba4 Rxg1 41.Kxg1
Kf4 42.Kf2 Bf3 {#R} 0-1

[Event "It (cat.3)"]
[Site "masterchessopen.com Moscow (Russia)"]
[Round "0"]
[White "Panush Viktor (MDA)"]
[Black "Piankov Evgenij (UKR)"]
[Result "0-1"]
[WhiteElo "2051"]
[BlackElo "2415"]

1.d4 Nf6 2.c4 g6 3.Nc3 d5 4.Bf4 Bg7 5.e3 c5 6.dxc5 Qa5 7.Qa4+ Qxa4 8.Nxa4 Na6
9.cxd5 Nxd5 10.Bb5+ Bd7 11.Bxd7+ Kxd7 12.Ne2 Nxf4 13.Nxf4 Kc6 14.O-O Kb5
15.Nc3+ Bxc3 16.bxc3 Nxc5 17.Rfd1 Kc6 18.Nd3 Nxd3 19.Rxd3 Rhd8 20.Rd4 e5
21.Rc4+ Kd6 22.Rb1 b6 23.Rd1+ Ke6 24.Rc6+ Kf5 25.Re1 Rd7 26.h4 Rad8 27.f3 Rd6
28.Rc7 R8d7 29.Rxd7 Rxd7 30.Kf1 Rd3 31.e4+ Kf4 32.Re2 Kg3 33.Rc2 Rd1+ 34.Ke2
Rg1 35.Ke3 Rxg2 36.Rc1 f5 37.exf5 gxf5 38.h5 f4+ 39.Ke4 Re2+ 40.Kf5 Kxf3
41.Rg1 Kf2 42.Rg7 f3 43.Rxh7 Ke1 {#R} 0-1

[Event "Ch Chess Club"]
[Site "masterchessopen.com Arroio do Silva (Brazil)"]
[Round "4"]
[White "De Haro Martim (BRA)"]
[Black "Godois Jorge (BRA)"]
[Result "0-1"]
[WhiteElo "2058"]
[BlackElo "2226"]

1.d4 d5 2.c4 g6 3.Nc3 Nf6 4.Bf4 Bg7 5.e3 c6 6.Bd3 O-O 7.Nge2 Nbd7 8.O-O dxc4
9.Bxc4 Nb6 10.Bb3 Bf5 11.Be5 Nbd5 12.Rc1 Bh6 13.Bxd5 Nxd5 14.Nxd5 Qxd5 15.Qa4
Qb5 16.Qxb5 cxb5 17.Nc3 f6 18.Bg3 Rac8 19.Rfd1 Bg4 20.Re1 Bd7 21.Nd5 Kf7
22.Bc7 Bc6 23.Nb4 Rxc7 24.d5 a5 25.Nd3 Rd8 {#R} 0-1

[Event "Ch European Union"]
[Site "masterchessopen.com Athens (Greece)"]
[Round "12"]
[White "Baumegger Siegfried (AUT)"]
[Black "Van Den Doel Erik (NED)"]
[Result "0-1"]
[WhiteElo "2485"]
[BlackElo "2440"]

1.d4 Nf6 2.c4 g6 3.Nc3 d5 4.Bf4 Bg7 5.e3 c5 6.dxc5 Qa5 7.Rc1 Be6 8.Nf3 Nc6
9.Nd4 Nxd4 10.exd4 dxc4 11.Qa4+ Qxa4 12.Nxa4 O-O-O 13.Be5 Nh5 14.Bxc4 Bxc4
15.Rxc4 f6 16.Bg3 Nxg3 17.hxg3 f5 18.Ke2 Rxd4 19.Rxd4 Bxd4 20.f3 Kc7 21.Rc1
Kc6 22.Rc4 Rd8 23.Nc3 Be5 24.b4 Bxg3 25.b5+ Kc7 26.a4 Be5 27.Ke3 Bg7 28.a5
Bh6+ 29.Ke2 Rd2+ 30.Kf1 Be3 31.b6+ axb6 32.cxb6+ Kb8 33.Nb5 Rd5 34.Ke2 Bg1
35.Rb4 h5 36.Rb1 Bh2 {#R} 0-1

[Event "Staatsliga B 1997/98"]
[Site "masterchessopen.com Austria"]
[Round "5"]
[White "Schuh Franz (AUT)"]
[Black "Rudolf Henrik (GER)"]
[Result "1-0"]
[WhiteElo "2260"]
[BlackElo "2280"]

1.d4 Nf6 2.c4 g6 3.Nc3 d5 4.Bf4 Bg7 5.e3 c5 6.dxc5 Qa5 7.Rc1 Ne4 8.cxd5 Nxc3
9.Qd2 Qxa2 10.bxc3 Qxd2+ 11.Kxd2 Nd7 12.Bb5 O-O 13.Bxd7 Bxd7 14.e4 f5 15.e5 e6
16.c4 Rac8 17.Nf3 Rxc5 18.Be3 Ra5 19.Ra1 Rxa1 20.Rxa1 a6 21.Rb1 exd5 22.cxd5
b5 23.e6 Bc8 24.e7 Re8 25.d6 Kf7 26.Ng5+ Kg8 27.Rc1 f4 28.Rxc8 fxe3+ 29.fxe3
{#r} 1-0

[Event "Oberliga Baden 1997/98"]
[Site "masterchessopen.com Germany"]
[Round "0"]
[White "Szabolcsi Janos (HUN)"]
[Black "Loeffler Markus (GER)"]
[Result "1-0"]
[WhiteElo "2410"]
[BlackElo "2350"]

1.d4 Nf6 2.c4 g6 3.Nc3 d5 4.Bf4 Bg7 5.e3 c5 6.dxc5 Qa5 7.Qa4+ Qxa4 8.Nxa4 Na6
9.cxd5 Nxd5 10.O-O-O Bd7 11.Rxd5 Bxa4 12.Bxa6 bxa6 13.Nf3 Rc8 14.Be5 Bxe5
15.Nxe5 e6 16.Rd4 Rxc5+ 17.Kd2 Rxe5 18.Rxa4 O-O 19.Rc1 Rd8+ 20.Ke2 Red5 21.Rc2
R8d6 22.b3 Kg7 23.e4 Re5 24.Rc7 g5 25.Rac4 Ra5 26.Rc2 Re5 27.f3 Kg6 28.Rxa7 f5
29.Ke3 h5 30.Rac7 Rd1 31.R7c6 fxe4 32.fxe4 Re1+ 33.Kd2 R1xe4 34.Rxa6 Kf5
35.Rac6 Re1 36.Kc3 h4 37.b4 g4 38.Rc5 Rh1 39.Rf2+ {#r} 1-0

[Event "?"]
[Site "masterchessopen.com Internet"]
[Round "0"]
[White "Sowray Peter J (ENG)"]
[Black "Kosmol Horst"]
[Result "1-0"]
[WhiteElo "2350"]
[BlackElo "2270"]

1.d4 Nf6 2.c4 g6 3.Nc3 d5 4.Bf4 Bg7 5.e3 c5 6.dxc5 Qa5 7.Qb3 Nc6 8.Qb5 dxc4
9.Bxc4 O-O 10.Rc1 Nh5 11.Ne2 Nxf4 12.Nxf4 Qxb5 13.Bxb5 Rd8 14.Ke2 Bd7 15.Rhd1
a6 16.Ba4 Ne5 17.Nfd5 Bxa4 18.Nxa4 Nc6 19.Ndb6 Rxd1 20.Rxd1 Rd8 21.Rxd8+ Nxd8
22.a3 f5 23.Kd3 Kf7 24.b4 Nc6 25.Nc4 Ke6 26.Nc3 Ne5+ 27.Nxe5 Bxe5 28.f4 Bg7
29.Kc4 Kd7 30.a4 e5 31.b5 axb5+ 32.axb5 exf4 33.exf4 Bf6 34.Ne2 Bh4 35.Kd5 Bf2
36.Nd4 Be3 37.Ne6 {#r} 1-0

[Event "?"]
[Site "masterchessopen.com Israel"]
[Round "0"]
[White "Alterman Boris (ISR)"]
[Black "Liss Eran (ISR)"]
[Result "1-0"]
[WhiteElo "2615"]
[BlackElo "2540"]

1.d4 Nf6 2.c4 g6 3.Nc3 d5 4.Bf4 Bg7 5.e3 c5 6.dxc5 Qa5 7.Qa4+ Qxa4 8.Nxa4 O-O
9.Nc3 dxc4 10.Bxc4 Nbd7 11.c6 bxc6 12.Nf3 Nh5 13.Bc7 a5 14.h3 Ra7 15.Bh2 Rb7
16.O-O-O Nb6 17.Ba6 Ra7 18.Bxc8 Rxc8 19.Rd3 a4 20.Rhd1 Raa8 21.a3 c5 22.Ne5
Nf6 23.R3d2 e6 24.Rc2 c4 25.Nb5 Bf8 26.Nd6 Bxd6 27.Rxd6 Nbd5 28.Rc6 Rxc6
29.Nxc6 Ne4 30.Rxc4 Nxf2 31.Kd2 f5 32.Ke2 Ne4 33.Nd4 Kf7 34.Rc6 Re8 35.Be5 Re7
36.Ra6 Rb7 37.Nc6 Rb3 38.Bd4 Ng3+ 39.Kf2 Ne4+ 40.Ke2 Ng3+ 41.Kf3 Nf1 42.Na5
Rb8 43.Nc4 f4 44.Be5 Nfxe3 45.Ra7+ Kf8 46.Nxe3 {#r} 1-0

[Event "It (cat.2)"]
[Site "masterchessopen.com Moscow (Russia)"]
[Round "9"]
[White "Panush Viktor (MDA)"]
[Black "Odeev Handszar (TKM)"]
[Result "0-1"]
[WhiteElo "2051"]
[BlackElo "2370"]

1.d4 Nf6 2.c4 g6 3.Nc3 d5 4.Bf4 Bg7 5.e3 c5 6.dxc5 Qa5 7.Qa4+ Qxa4 8.Nxa4 Be6
9.cxd5 Nxd5 10.Bxb8 Rxb8 11.Bb5+ Kf8 12.Ne2 Nb4 13.Rd1 Bxa2 14.Nec3 Bb3 15.Rd2
f5 16.O-O Kf7 17.Be2 Rhd8 18.Rxd8 Rxd8 19.Bf3 Rb8 20.Ra1 e5 21.Bd1 Bc4 22.Be2
Bxe2 23.Nxe2 Rd8 24.Nac3 a6 25.Rd1 Rxd1+ 26.Nxd1 Bf8 {#R} 0-1

[Event "Memorial Goldberg"]
[Site "masterchessopen.com Moscow (Russia)"]
[Round "5"]
[White "Annakov Babakuli (USA)"]
[Black "Odeev Handszar (TKM)"]
[Result "1-0"]
[WhiteElo "2380"]
[BlackElo "2370"]

1.d4 Nf6 2.c4 g6 3.Nc3 d5 4.Bf4 Bg7 5.e3 c5 6.dxc5 Qa5 7.Qa4+ Qxa4 8.Nxa4 Be6
9.Rc1 O-O 10.Nf3 Rc8 11.Nd4 Bd7 12.Nb5 Na6 13.Be5 Nxc5 14.Nxc5 Rxc5 15.b4 Rc6
16.c5 Ne8 17.Bxg7 Kxg7 18.f4 f6 19.Kd1 a5 20.Nd4 axb4 21.Nxc6 Rxa2 22.Rc2 Rxc2
23.Kxc2 Bxc6 24.Kb3 e5 25.fxe5 fxe5 26.Kxb4 d4 27.exd4 exd4 28.Kc4 Nf6 29.Kxd4
Nd7 30.Rg1 b6 31.cxb6 Nxb6 32.Kc5 {#r} 1-0

[Event "Cup Russia (open)"]
[Site "masterchessopen.com Perm (Russia)"]
[Round "5"]
[White "Ovchinnikova Julia (RUS)"]
[Black "Yandemirov Valeri (RUS)"]
[Result "0-1"]
[WhiteElo "2240"]
[BlackElo "2500"]

1.d4 Nf6 2.c4 g6 3.Nc3 d5 4.Bf4 Bg7 5.e3 c6 6.Rc1 Be6 7.Nf3 dxc4 8.Ng5 Bd5
9.e4 h6 10.exd5 hxg5 11.Bxb8 Rxb8 12.dxc6 bxc6 13.Bxc4 Qd6 14.Rc2 Rh4 15.Bb3
Rxd4 16.Rd2 Rbb4 17.Ne2 Rxd2 18.Qxd2 Qxd2+ 19.Kxd2 Ne4+ 20.Kc2 a5 21.a3 Rb5
22.Nc3 Rc5 23.Ba4 Bxc3 24.bxc3 Nxc3 25.Kb3 e5 26.h4 gxh4 27.Rxh4 Ke7 28.Rh3
Nxa4 29.Kxa4 f5 30.Kb3 e4 31.f3 Ke6 32.fxe4 fxe4 {#R} 0-1

[Event "It (juniors)"]
[Site "masterchessopen.com Tallinn (Estonia)"]
[Round "4"]
[White "Shishkov Andrei (EST)"]
[Black "Lelumees Brait (EST)"]
[Result "1-0"]
[WhiteElo "2230"]
[BlackElo "2142"]

1.d4 Nf6 2.c4 g6 3.Nc3 d5 4.Bf4 Bg7 5.e3 c5 6.dxc5 Qa5 7.Qb3 dxc4 8.Bxc4 O-O
9.Nf3 Nbd7 10.Bxf7+ Kh8 11.Bc4 Ne4 12.Rc1 Ndxc5 13.Qb5 Qxb5 14.Nxb5 Be6
15.Nbd4 Bxc4 16.Rxc4 Nd3+ 17.Ke2 Nexf2 18.Rf1 e5 19.Nxe5 Bxe5 20.Rxf2 Nxf4+
21.exf4 Bxf4 22.Ne6 Rae8 23.Re4 Rf6 24.Rfxf4 Rfxe6 25.Rxe6 Rxe6+ 26.Kd3 Kg7
27.Ra4 a6 28.Re4 Kf6 29.Kd4 Rxe4+ 30.Kxe4 Ke6 31.a4 a5 32.h4 Kd6 33.Kd4 h6
34.g4 g5 35.h5 Ke6 36.Ke4 b6 37.b3 Kd6 38.Kf5 Ke7 39.Ke5 Kf7 40.Kf5 Kg7 41.Ke5
Kf7 42.Kf5 Kg7 43.Ke6 Kh8 44.Kf6 Kh7 45.Kf7 {#r} 1-0

[Event "It (open)"]
[Site "masterchessopen.com Washington (USA)"]
[Round "7"]
[White "Shliperman Igor (USA)"]
[Black "Gelman Geoffrey (USA)"]
[Result "1-0"]
[WhiteElo "2410"]
[BlackElo "2218"]

1.d4 Nf6 2.c4 g6 3.Nc3 d5 4.Bf4 Bg7 5.e3 c6 6.h3 Qb6 7.a3 O-O 8.c5 Qd8 9.Nf3
Bf5 10.Be2 Nbd7 11.O-O Ne4 12.Rc1 e5 13.dxe5 Ndxc5 14.Nd4 Nxc3 15.Rxc3 Ne4
16.Rc1 Bc8 17.b4 a6 18.Bh2 Qh4 19.Bd3 Re8 20.f4 f6 21.Bxe4 dxe4 22.Qb3+ Kh8
23.Qf7 Rg8 24.Rcd1 fxe5 25.fxe5 Qg5 26.Bf4 Qh5 27.Qe7 g5 28.Bg3 Bxh3 29.gxh3
Qxh3 30.Ne2 Qg4 31.Rf7 Rae8 32.Qd7 Qh5 33.Qf5 Qf3 34.Qxf3 exf3 35.Rxf3 Bxe5
36.Bxe5+ Rxe5 {#r} 1-0